Stone cold heart / Laura Griffin.
"A leading forensic anthropologist uncovers eerie clues in a high-stakes case that threatens to deliver her to the doorstep of a cold-blooded murderer"-- Provided by publisher.
Record details
- ISBN: 9781643581811
- ISBN: 1643581813
- Physical Description: 430 pages (large print) ; 23 cm.
- Edition: Center Point Large Print edition.
- Publisher: Thorndike, Maine : Center Point Large Print, 2019.
Content descriptions
| General Note: | Regular print version previously published by: Pocket Books, a division of Simon & Schuster, Inc. |
Search for related items by subject
| Subject: | Forensic anthropologists > Fiction. Murder > Investigation > Fiction. Missing persons > Fiction. Large type books. |
| Genre: | Thrillers (Fiction) Detective and mystery fiction. Romance fiction. |
Search for related items by series
Available copies
- 1 of 1 copy available at scottsboropl.
Holds
- 0 current holds with 1 total copy.
Show Only Available Copies
| Location | Call Number / Copy Notes | Barcode | Shelving Location | Status | Due Date |
|---|---|---|---|---|---|
| scottsboropl | F Gri | 32269001110769 | Adult - Fiction | Available | - |
| LDR | 01737nam a2200433 i 4500 | ||
|---|---|---|---|
| 001 | 150868 | ||
| 003 | CONS | ||
| 005 | 20190507135909.0 | ||
| 008 | 190211s2019 meu d 000 1 eng | ||
| 010 | . | ‡a 2019006523 | |
| 020 | . | ‡a9781643581811 ‡q(large print : hardcover) | |
| 020 | . | ‡a1643581813 ‡q(large print : hardcover) | |
| 035 | . | ‡a(CPomAG)LMN612089 | |
| 042 | . | ‡apcc | |
| 050 | 1 | 0. | ‡aPS3607.R54838 ‡bS86 2019b |
| 082 | 0 | 0. | ‡a813/.6 ‡223 |
| 100 | 1 | . | ‡aGriffin, Laura, ‡d1973- ‡eauthor. |
| 245 | 1 | 0. | ‡aStone cold heart / ‡cLaura Griffin. |
| 250 | . | ‡aCenter Point Large Print edition. | |
| 264 | 1. | ‡aThorndike, Maine : ‡bCenter Point Large Print, ‡c2019. | |
| 300 | . | ‡a430 pages (large print) ; ‡c23 cm. | |
| 336 | . | ‡atext ‡btxt ‡2rdacontent | |
| 337 | . | ‡aunmediated ‡bn ‡2rdamedia | |
| 338 | . | ‡avolume ‡bnc ‡2rdacarrier | |
| 340 | . | ‡nlarge print. ‡2rdafs | |
| 490 | 1 | . | ‡a[Tracers] ; ‡v13 |
| 500 | . | ‡aRegular print version previously published by: Pocket Books, a division of Simon & Schuster, Inc. | |
| 520 | . | ‡a"A leading forensic anthropologist uncovers eerie clues in a high-stakes case that threatens to deliver her to the doorstep of a cold-blooded murderer"-- ‡cProvided by publisher. | |
| 650 | 0. | ‡aForensic anthropologists ‡vFiction. | |
| 650 | 0. | ‡aMurder ‡xInvestigation ‡vFiction. | |
| 650 | 0. | ‡aMissing persons ‡vFiction. | |
| 650 | 0. | ‡aLarge type books. | |
| 655 | 7. | ‡aThrillers (Fiction) ‡2lcgft | |
| 655 | 7. | ‡aDetective and mystery fiction. ‡2lcgft | |
| 655 | 7. | ‡aRomance fiction. ‡2lcgft | |
| 800 | 1 | . | ‡aGriffin, Laura, ‡d1973- ‡tTracers series. ‡sSpoken word. ‡v13 |
| 914 | . | ‡aSCP_LP | |
| 959 | . | ‡i32269001110769 ‡lF Gri ‡aAdult - Fiction ‡tFiction ‡g30.00 | |
| 852 | . | ‡p32269001110769 ‡jF Gri ‡gAdult - Fiction ‡cFiction ‡y30.00 ‡bSBPL | |
| 901 | . | ‡a150868 ‡bUnknown ‡c150868 ‡tbiblio | |